00933cam a22002413a 45000010005000000030006000050050017000110080041000280400015000690420007000840500007000911000040000982450098001382600029002365060030002655160020002956530090003156530060004056530077004656530080005428300028006228560041006503693PGUSA20140828083037.0030101s2003||||xxu|||||s|||||000 1 eng d aPGUSAbeng adc 4aPT1 aMühlbach, L.q(Luise),d1814-187310aLouisa of Prussia and Her Times :bA Historical Novelh[electronic resource] /cL. Mühlbach bProject Gutenberg,c2003 aPublic domain in the USA. aElectronic text aLuise, Queen, consort of Frederick William III, King of Prussia, 1776-1810 -- Fiction aNapoleon I, Emperor of the French, 1769-1821 -- Fiction aNapoleonic Wars, 1800-1815 -- Campaigns -- Germany -- Prussia -- Fiction aPrussia (Germany) -- History -- Frederick William III, 1797-1840 -- Fiction 0aProject Gutenbergv369340uhttp://www.gutenberg.org/ebooks/3693